000
00375nam a22001337a 4500
003
SGT
020
_a
8170165016
082
_a
891.4309
_b
N11V
100
_a
वाजपेयी, अटल बिहारी
245
_a
नई चुनौती नया अवसर
260
_b
किताबघर प्रकाशन
_c
2011
300
_a
280
942
_2
ddc
_c
BK
999
_c
30132
_d
30132